|
|
|
|
| LEADER |
00000nab a2200000 a 4500 |
| 001 |
vtls011101933 |
| 003 |
SK-MaSNL |
| 005 |
20260303150038.0 |
| 008 |
230222|1996 xo |||||||||||||||||slo| |
| 015 |
|
|
|a SNBRB
|
| 035 |
|
|
|a (uuid)eab84884-188f-4a98-b25b-fa86e06ccd06
|
| 035 |
|
|
|a (urnnbn)urn:nbn:sk:snk:ar-0079ys
|
| 035 |
|
|
|a urn:nbn:sk:snk-ab9853
|
| 040 |
|
|
|a SNKBUCL
|b slo
|c SNKBUCL
|e AACR2
|
| 041 |
0 |
|
|a slo
|
| 044 |
|
|
|a xo
|c SK
|
| 100 |
1 |
|
|a Jakubíková, Kornélia,
|d 1944-
|4 aut
|9 133060
|
| 245 |
1 |
0 |
|a Rodinné obyčaje v súčasnosti
|c Kornélia Jakubíková
|
| 773 |
0 |
|
|t Studia Academica Slovaca : prednášky ... letnej školy slovenského jazyka a kultúry
|g Roč. 25, č. 25 (1996), s. 83-90
|
| 954 |
|
|
|a odborná, vedecká literatúra pôvodná (slovenská)
|2 lita
|
| 958 |
|
|
|a OND
|
| 958 |
|
|
|a EUIPO
|
| 958 |
|
|
|a article13
|
| 999 |
|
|
|c 2007129
|d 2009059
|